000 00747nam a2200241 a 4500
001 BRL_1140
005 20190320211043.0
008 151113s1979----nyuao#####---#000-0#eng-#
020 _a0140551107
041 _aeng
_hfre
044 _anyu
050 4 _aGN362
_b.L48 1979
100 1 _aLévi-Strauss, Claude
_925905
245 1 0 _aStructural anthropology
_cClaude Lévi-Strauss ; translated from rhe french by Claire Jacobson and Brooke Grundfest Schoepf.
260 _aNew York
_bPenguin Books
_c1979
300 _axvi, 410 p.
_bil.
_c21 cm.
500 _aAu1318
650 1 4 _aAntropología estructural
_925906
700 1 _aJacobson, Claire
_etr.
_925907
700 1 _aGrundfest Schoepf, Brooke
_etr.
_925908
902 _aGRL
942 _2lcc
_cB
999 _c9952
_d9952